00333nam a2200121 a 4500008004100000050001900041100002100060245002400081246002900105260005100134300001700185350000900202120416s1960 ||||||||||||||||| || u aNA 5621.F5 Mic aMicheletti, Emma10aEglises de Florence athe churches of Florence aNovarabInstituto Geografico de Agostinic1960 a164p. : ill. a0.00